|
|
|
|
| LEADER |
00000nab a2200000 a 4500 |
| 001 |
vtls001524158 |
| 003 |
SK-MaSNL |
| 005 |
20260429044730.0 |
| 008 |
140422c2005 xo |||||||| |00 b|slo |
| 015 |
|
|
|a SNBRB2005/04
|2 snkbucl
|
| 038 |
|
|
|a SNKBUCL
|
| 040 |
|
|
|a SNKBUCL
|b slo
|c SNKBUCL
|e AACR2
|
| 041 |
0 |
|
|a slo
|
| 044 |
|
|
|a xo
|c SK
|
| 080 |
|
|
|a 811.161.1:061.7
|2 1997
|
| 100 |
1 |
|
|a Farkašová, Etela,
|d 1943-
|4 aut
|4 ivr
|9 100186
|
| 245 |
1 |
0 |
|a Dve stretnutia s Ruskom
|c Etela Farkašová, Eva Kollárová
|
| 650 |
0 |
7 |
|a rusistika
|2 snkbucl
|9 19634
|
| 655 |
|
7 |
|a rozhovory
|2 snkbucl
|9 31831
|
| 700 |
1 |
|
|a Kollárová, Eva,
|d 1939-2025
|4 aut
|9 243891
|
| 773 |
0 |
|
|t Literárny (dvoj)týždenník
|g Roč. XVIII, č. 11-12 (2005), s. 10
|x 0862-5999
|
| 852 |
|
|
|a SNK
|b KIS3GCP
|
| 999 |
|
|
|c 3250713
|d 3252643
|